书目信息 |
| 题名: |
人事管理心理
|
|
| 作者: | 邓仁敏 编著 | |
| 分册: | ||
| 出版信息: | 香港 万源财经资讯公司出版 1984 |
|
| 页数: | 279页 | |
| 开本: | 21cm | |
| 丛书名: | ||
| 单 册: | ||
| 中图分类: | B849:C93 | |
| 科图分类: | ||
| 主题词: | 应用心理学--管理学 | |
| 电子资源: | ||
| ISBN: | ||
| 000 | 00509nam0 2200181 45 | |
| 001 | 0181024913 | |
| 005 | 20060303105707.59 | |
| 010 | @dCNY2.45 | |
| 100 | @a20810111d km y0chiy0120 ea | |
| 101 | 0 | @achi |
| 200 | 1 | @a人事管理心理@AREN SHI GUAN LI XIN LI@f邓仁敏编著@FDENG REN MIN BIAN ZHU |
| 210 | @a香港@c万源财经资讯公司出版@d1984 | |
| 215 | @a279页@d21cm | |
| 606 | 0 | @a应用心理学@x管理学 |
| 690 | @aB849:C93@v3 | |
| 701 | 0 | @a邓仁敏@4编著 |
| 801 | @aCN@bTSTC@c20060303 | |
| 905 | @dB849:C93@f1@b168360@e151 | |
| 人事管理心理/邓仁敏编著.-香港:万源财经资讯公司出版,1984 |
| 279页;21cm |
| ISBN :CNY2.45 |
| ● |
| 相关链接 |
|
|
|
|
正题名:人事管理心理
索取号:B849:C93/151
 
预约/预借
| 序号 | 登录号 | 条形码 | 馆藏地/架位号 | 状态 | 备注 |
| 1 | 0168360 | 001987354 | 第一样本阅览室/ [索取号:B849:C93/151] | 在馆 | |
| 2 | 0168361 | 202175056 | 密集书库/ [索取号:B849:C93/151] | 在馆 |